000 00293 a2200085 4500
999 _c20862
_d20862
003 WA 310
005 20220225093656.0
008 220225s2005 pl a|||f u||| 000 0 pol d
020 _a8324359990
040 _aWA 310
_cWA 310
041 _apol
_heng
245 0 0 _aŚwiatłowodowe interfejsy złączowe - Część 19: Rodzina złączy typu SG =
_bFibre optic connector interfaces - Part 19: Type SG connector family PN-EN 61754-19:2005P /
_cKT nr 282.
246 1 3 _aPN-EN 61754-19
246 1 3 _aICS 33.180.20
246 1 3 _aPolska Norma
246 3 1 _aFibre optic connector interfaces - Part 19: Type SG connector family
260 _aWarszawa :
_bPKN,
_c2005.
300 _a9 stron :
_bilustracje ;
_c30 cm.
336 _2rdacontent
_aTekst
_btxt
337 _2rdamedia
_aBez urządzenia pośredniczącego
_bn
338 _2rdacarrier
_aWolumin
_bnc
500 _aWprowadza EN 61754-19:2002, IDT, IEC 61754-19:2001, IDT ; Zastępuje PN-EN 61754-19:2004 (U) ; Zatwierdzona 20 stycznia 2005 r.
500 _aNorma Europejska EN 61754-19:2002 ma status Polskiej Normy.
710 _91107
_aPolska.
_bPolski Komitet Normalizacyjny.
_eInstytucja sprawcza
_eWydawca
920 _a83-243-5999-0
942 _2ddc
_cBK